Короткий історичний нарис Українського Народного Дому в Торонто (з нагоди 35-літньої праці Товариства) (Запис № 426469)

МАРК-запис
000 -Лідер
fixed length control field 01007nam a22002537a 4500
001 - Контрольний номер
control field 46355
003 - Ідентифікатор контрольного номера
control field UA-OsUOA
005 - Дата та час останнього входження (трансакції)
control field 20260310181221.0
007 - Фіксоване поле фізичного опису
fixed length control field ta
008 - Елементи даних фіксованої довжини – загальна інформація
fixed length control field 20120213b un ||||| |||| 00| 0 ukr d
040 ## - Джерело каталогізації
Агенція оригінальної каталогізації UA-OsUOA
Мова каталогізації ukr
Агенція, яка здійснювала перезапис UA-OsUOA
Агенція, яка здійснювала модифікацію UA-OsUOA
041 ## - Код мови
Код мови тексту/ звукової доріжки чи окремого заголовка (П) ukr
080 ## - Індекс Універсальної десяткової класифікації
Індекс Універсальної десяткової класифікації (УДК) (НП) 94(477).152
090 ## - Локальний шифр розміщення
Класифікаційний індекс УДК 94(477).152
Авторський знак (НП) Н64
100 ## - Основне введення – ім’я особи
Ім’я особи (НП) Николяк Д.
9 (RLIN) 24373
245 ## - Відомості про назву
Назва (НП) Короткий історичний нарис Українського Народного Дому в Торонто (з нагоди 35-літньої праці Товариства)
Дані про відповідальність (НП) опрацював Дм. А. Николяк
260 ## - Публікація, розповсюдження і т.п. (Вихідні дані)
Місце публікації, розповсюдження і т.п. (П) Торонто
Дата публікації, розповсюдження і т.п. (П) 1953
Ім’я/ наймення видавництва, розповсюджувача і т.п. (П) Накладом Українського Народного Дому
300 ## - Фізичний опис
Обсяг 37 с.
650 #7 - Додаткове предметне введення – тематичний термін
Тематичний термін чи географічна назва, як елемент введення (НП) 94(477).152 Українці в США, Канаді, Австралії
Джерело заголовка чи терміна UDC
9 (RLIN) 23076
942 ## - Додаткові елементи входу (Коха)
Тип елемента Koha Брошура
Source of classification or shelving scheme Universal Decimal Classification
955 ## - Код типу видання за змістом
Код типу видання за змістом (НП) Наукові видання
Фонди
Стан вилучень Стан втрат Джерело класифікації або схеми стелажів Стан уражень Не для кредиту Код колекції Постійне місце розташування Поточне розміщення Дата придбання Джерело придбання Інвентарний номер Усього замовленно Повний номер виклику Штрих-код Дата останнього перегляду Ціна ефективна від Тип елемента Koha Вартість, звичайна ціна покупки Вартість, ціна заміни Примітка, призначена для загального доступу
    Universal Decimal Classification     Колекція др. Константина Бризгуна (Оксани і Ярослава Соколиків) Наукова бібліотека ІДУД Наукова бібліотека ІДУД 16/08/2023 Акт надходжень №4/02.08.2023 (від Соколиків) 2140583   94(477).152 Н64 2140583 16/08/2023 16/08/2023 Брошура      
    Universal Decimal Classification       Наукова бібліотека ІДУД Наукова бібліотека ІДУД 13/03/2025 №1/16.01.2025 (ІДУД) 300070   94(477).152 Н64 300070 13/03/2025 13/03/2025 Брошура 1.00 1.00  
    Universal Decimal Classification       Наукова бібліотека ІДУД Наукова бібліотека ІДУД 13/03/2025 №1/16.01.2025 (ІДУД) 300071   94(477).152 Н64 300071 13/03/2025 13/03/2025 Брошура 1.00 1.00 Містить екслібріс у вигляді штампу з адресою "I. K. Szlapak. 416 Janene Crt. Mississauga, Ont. Canada L5A 3Z3"